000 00357nam a2200145Ia 4500
005 20250313151822.0
008 240331s9999 xx 000 0 und d
082 _bGAN
_a894
100 _aGanesalingam, S
245 0 _aOru arasiyalin kathai
260 _aVadapalani
_bKumaran Publishers
_c1997
300 _a190 p .,
500 _aA social Novel
942 _cL
999 _c3758
_d3758